00539nam a2200169 4500003001100000005001700011008004100028020001500069040003900084041000800123082001600131100002800147245009600175260004000271300002100311650003700332LK-CoMWRAF20231207121427.0231125b2002 |||||||| |||| 00| 0 eng d a9559151185 aLK-CoMWRAFdLK-CoMWRAFeLK-CoMWRAF aeng a348.04bHUS aHussain, M. S. Mohammed aHussain's complete digest of case law of Sri Lanka : 1820-2000, bVol-9 Damages to Election aKandy : bArafa (Pvt.) Ltd., c2002 ax, 655 p.; 26 cm aLaw reports, digests, -Sri Lanka